[Event "AUTO-OPEN-4627"]
[Site "http://www.queenalice.com/game.php?id=1866264"]
[Date "2025.11.28"]
[Round "1"]
[White "silverado"]
[Black "pomar"]
[Result "0-1"]
[WhiteElo "2013"]
[BlackElo "1900"]

1. e4 e6 2. d4 d5 3. e5 c5 4. c3 Qb6 5. Na3 Nc6 6. Bb5 Bd7 7. Be3 Nxe5 8. Bxd7+
Nxd7 9. Qc2 Rc8 10. dxc5 Bxc5 11. Bxc5 Nxc5 12. Nf3 Ne7 13. O-O h6 14. Nd4 a6
15. b4 Ne4 16. Qa4+ Kf8 17. Rac1 Nxc3 18. Rxc3 Qxd4 19. Rxc8+ Nxc8 20. Qd7 Kg8
21. Qe8+ Kh7 22. Qxf7 Qb2 23. Nb1 Qxa2 24. Qxe6 Qb3 25. Qf5+ Kg8 26. Qxc8+ Kh7
27. Qxb7 a5 28. b5 a4 29. Qa6 Rb8 30. Nd2 Qxb5 31. Qxb5 Rxb5 32. Ra1 Rb2 33. Nf3
a3 34. Kf1 a2 35. Ne1 d4 36. g3 d3 37. Kg2 d2 38. Nd3 Rb3 0-1

[Event "AUTO-ADV-4914"]
[Site "http://www.queenalice.com/game.php?id=1868234"]
[Date "2026.1.21"]
[Round "1"]
[White "silverado"]
[Black "Capixaba789"]
[Result "1-0"]
[WhiteElo "1956"]
[BlackElo "1898"]

1. d4 d5 2. Nf3 e6 3. a3 Nf6 4. h3 Be7 5. Nc3 c6 6. Bf4 Nbd7 7. e3 Nf8 8. Be5
Ng6 9. Bd3 Bd6 10. Bxf6 Qxf6 11. Qe2 Bd7 12. O-O-O O-O-O 13. g3 Kb8 14. h4 e5
15. dxe5 Nxe5 16. Nxe5 Bxe5 17. Qd2 Bg4 18. Rde1 h5 19. f4 Bxc3 20. bxc3 Bf3 21.
Rh2 c5 22. Kb2 c4 23. Be2 Bxe2 24. Rexe2 Rhe8 25. Qd4 Qd6 26. Qxg7 Rg8 27. Qxf7
Rxg3 28. Qxh5 Rdg8 29. Rd2 Rxe3 30. Rxd5 Qxf4 31. Rhd2 Ree8 32. R5d4 Qc7 33. Qb5
a6 34. Qxc4 Qb6+ 35. Qb3 Qc6 36. Rd6 1-0

[Event "AUTO-OPEN-4635"]
[Site "http://www.queenalice.com/game.php?id=1868286"]
[Date "2026.1.21"]
[Round "1"]
[White "Capixaba789"]
[Black "silverado"]
[Result "1-0"]
[WhiteElo "1884"]
[BlackElo "1970"]

1. d4 d5 2. Nc3 Nf6 3. f4 Bf5 4. Nf3 Nbd7 5. e3 h6 6. Bd3 Be4 7. O-O e6 8. Ne5
Bxd3 9. cxd3 c6 10. Qf3 Qe7 11. Bd2 h5 12. e4 Qb4 13. Rab1 Qxd4+ 14. Be3 Qb4 15.
d4 Bd6 16. Nxf7 dxe4 17. Nxd6+ Qxd6 18. Nxe4 Nxe4 19. Qxe4 Nf6 20. Qg6+ Kf8 21.
a3 Qd5 22. f5 e5 23. dxe5 Qxe5 24. Bf4 Qd4+ 25. Kh1 Re8 26. h3 Re4 27. Rfd1 Qb6
28. Bd2 c5 29. Bc3 Rh6 30. Qg5 c4 31. Bb4+ Kf7 32. Bc3 Qc6 33. Rd8 Re2 34. Rbd1
Qxg2+ 35. Qxg2 1-0

[Event "AUTO-OPEN-4635"]
[Site "http://www.queenalice.com/game.php?id=1868287"]
[Date "2026.1.21"]
[Round "1"]
[White "silverado"]
[Black "Capixaba789"]
[Result "0-1"]
[WhiteElo "2005"]
[BlackElo "1919"]

1. d4 d5 2. c3 Nf6 3. f3 e6 4. Nh3 Bd6 5. Bg5 O-O 6. e3 e5 7. dxe5 Bxe5 8. f4
Bd6 9. Bxf6 Qxf6 10. Qxd5 Na6 11. Bd3 Re8 12. Kd2 Nc5 13. Ng5 Nxd3 14. Qxd3 g6
15. Ne4 Qf5 16. Ng5 Bd7 17. Qxf5 Bxf5 18. Re1 Rad8 19. Kc1 Bxf4 20. exf4 Rxe1#
0-1